Management processes in universities: a study of decision making and organisational health in two agricultural universitie (Record no. 1540)
[ view plain ]
| 000 -LEADER | |
|---|---|
| fixed length control field | 00710nam a2200193Ia 4500 |
| 020 ## - INTERNATIONAL STANDARD BOOK NUMBER | |
| ISBN | 81-204-0708-3 |
| 082 ## - DEWEY DECIMAL CLASSIFICATION NUMBER | |
| Classification number | 378.1550954 MAT-; |
| 100 ## - MAIN ENTRY--AUTHOR NAME | |
| Personal name | Matthai, Ravi J. |
| 245 #0 - TITLE STATEMENT | |
| Title | Management processes in universities: a study of decision making and organisational health in two agricultural universitie |
| 260 ## - PUBLICATION, DISTRIBUTION, ETC. (IMPRINT) | |
| Place of publication | Bombay |
| Name of publisher | Oxford University Press |
| Year of publication | 0 |
| 300 ## - PHYSICAL DESCRIPTION | |
| Number of Pages | viii, 171p. |
| 650 ## - SUBJECT ADDED ENTRY--TOPICAL TERM | |
| Topical Term | Universities and colleges - Decision making - India |
| 650 ## - SUBJECT ADDED ENTRY--TOPICAL TERM | |
| Topical Term | Agricultural universities - Administration - India |
| 650 ## - SUBJECT ADDED ENTRY--TOPICAL TERM | |
| Topical Term | Universities and colleges - Health promotion services - India |
| 650 ## - SUBJECT ADDED ENTRY--TOPICAL TERM | |
| Topical Term | Education, Higher - India |
| 700 ## - ADDED ENTRY--PERSONAL NAME | |
| Personal name | Pareek, Udai |
| 700 ## - ADDED ENTRY--PERSONAL NAME | |
| Personal name | Rao, T. Venkateswara |
| 942 ## - ADDED ENTRY ELEMENTS (KOHA) | |
| Koha item type | Books |
| Withdrawn status | Lost status | Damaged status | Not for loan | Home library | Current library | Date acquired | Bill Date | Full call number | Accession Number | Price effective from | Koha item type |
|---|---|---|---|---|---|---|---|---|---|---|---|
| NASSDOC Library | NASSDOC Library | 08/06/2004 | 2008-12-30 | 378.1550954 MAT-; | 32214 | 18/04/2019 | Books |
